000 00505nam a2200193 i 4500
001 146231
003 ES-MaACL
005 20250816092654.0
007 t|
008 070905s1965 sp a |||| | spa d
080 _a372.55(075.3)
245 0 0 _aTrabajos manuales
_b: 1er curso, 12-14.
250 _a1ยช ed.
260 _a[Barcelona :
_bCeac],
_c1965.
300 _a207 p. :
_bil. ;
_c24 cm.
650 7 _aTrabajos manuales
_2embne
_917606
852 _aES-MaACL
_jC-28716
999 _c146231
_d146231